|
|
แสดงรายละเอียดบรรณานุกรม |
|
|
Brief Record
: Get Marc (ISO 2709)
: E-mail record
: |
|
|
| LEADER 00000nam 2200000uu 4500 | |||
| 001 208652 | |||
| 003 ULIBM | |||
| 008 121112s2553||||th 000 0 tha d | |||
| 020 ^a9786165511131 | |||
| 040 ^abra | |||
| 041 0 ^atha | |||
| 060 04 ^aWI250^bร921 2553 | |||
| 245 10 ^aโรคกรดไหลย้อน /^bบรรณาธิการ สุเทพ กลชาญวิทย์ | |||
| 250 ^aพิมพ์ครั้งที่ 1 | |||
| 260 ^aกรุงเทพฯ :^bสาขาวิชาโรคทางเดินอาหาร ภาควิชาอายุรศาสตร์คณะแพทยศาสตร์ จุฬาลงกรณ์มหาวิทยาลัย,^c2553 | |||
| 300 ^a223 หน้า :^bภาพประกอบ ;^c27 ซม. | |||
| 650 2 ^aGastroesophageal Reflux | |||
| 650 2 ^aGastroesophageal Reflux^xdiagnosis | |||
| 650 4 ^aโรคกรดไหลย้อน | |||
| 700 0 ^aสุเทพ กลชาญวิทย์,^eบรรณาธิการ | |||
| 710 2 ^aสมาคมแพทย์ระบบทางเดินอาหารแห่งประเทศไทย | |||
| 710 2 ^aจุฬาลงกรณมหาวิทยาลัย. ^bคณะแพทยศาสตร์ ภาควิชาอายุรศาสตร์สาขาวิชาโรคทางเดินอาหาร | |||
| 999 ^aใช้งานได้ทุกระบบ | |||
| คุณยังไม่ได้ล็อกอิน คุณสามารถมีกิจกรรมร่วมกับเว็บไซต์ได้ แต่ต้องล็อกอินก่อน :: |
|
| สถานะ | |||||||||
| 1. | หนังสือทั่วไป สถานะ=หนังสือเก่า - บริการ ณ ห้องสมุด (ห้องเหลือง) | WI250 ร921 2553 | On Shelf ขอยืม | ||||||
| Note:ปีงบประมาณ 2555 | |||||||||
| 2. | หนังสือทั่วไป | WI250 ร921 2553 ฉ.5 | On Shelf ขอยืม | ||||||
| Note:ปีงบประมาณ 2555 | |||||||||
| 3. | หนังสือทั่วไป สถานะ=หนังสือเก่า - บริการ ณ ห้องสมุด (ห้องเหลือง) | WI250 ร921 2553 ฉ.7 | On Shelf ขอยืม | ||||||
| Note:ปีงบประมาณ 2555 | |||||||||
| 4. | หนังสือทั่วไป สถานะ=หนังสือเก่า - บริการ ณ ห้องสมุด (ห้องเหลือง) | WI250 ร921 2553 ฉ.8 | On Shelf ขอยืม | ||||||
| Note:ปีงบประมาณ 2555 | |||||||||
| 5. | หนังสือทั่วไป | WI250 ร921 2553 ฉ.10 | On Shelf ขอยืม | ||||||
| Note:ปีงบประมาณ 2555 | |||||||||
| [แสดง 5/5 รายการ] | |||||||||
BibComment |
| คอมเมนท์ทรัพยากรรายการนี้ |
|
|